[Event "TUR-ch op"]
[Site "Antalya"]
[Date "2008.02.10"]
[Round "11.62"]
[White "Uluhan, Anil"]
[Black "Cetinkaya, Ekber"]
[Result "0-1"]
[WhiteElo "1558"]
[BlackElo "1828"]
[PlyCount "98"]
[EventDate "2008.02.04"]
[EventType "swiss"]
[EventRounds "11"]
[EventCountry "TUR"]
[SourceTitle "CBM 122 Extra"]
[Source "ChessBase"]
[SourceDate "2008.03.04"]
[SourceVersion "1"]
[SourceVersionDate "2008.03.04"]
[SourceQuality "1"]

1. e4 e5 2. Nf3 Nc6 3. Bc4 Nf6 4. Nc3 Bc5 5. 0-0 0-0 6. d3 h6 7. h3 a6 8. a3 b5 9. Ba2 d6 10. Re1 Be6 11. Bxe6 fxe6 12. Be3 Nd4 13. Bxd4 Bxd4 14. Nxd4 exd4 15. Ne2 e5 16. c3 dxc3 17. Qb3+ Kh8 18. Qxc3 Nh5 19. Rac1 c5 20. Rf1 Qg5 21. Qe1 Rf3 22. Kh2 Rxd3 23. f3 Rf8 24. Ng3 Nf4 25. Rc2 h5 26. Nf5 g6 27. Ne3 Nxh3 28. Kxh3 Rxe3 29. Qd2 h4 30. Qf2 Rxe4 31. Rd2 Rd4 32. Rxd4 exd4 33. Qxh4+ Qxh4+ 34. Kxh4 Re8 35. Rf2 Kg7 36. Kg4 a5 37. f4 b4 38. axb4 axb4 39. b3 d5 40. Rd2 Re3 41. Ra2 d3 42. Ra7+ Kf6 43. Ra6+ Re6 44. Ra2 c4 45. Rd2 Re2 46. Rd1 Rxg2+ 47. Kf3 Re2 48. Kg3 Kf5 49. Kf3 Re4 0-1

[Event "TUR-ch op"]
[Site "Antalya"]
[Date "2008.02.05"]
[Round "3.73"]
[White "Cetinkaya, Ekber"]
[Black "Turgutalp, Suha"]
[Result "1-0"]
[WhiteElo "1828"]
[BlackElo "1480"]
[PlyCount "73"]
[EventDate "2008.02.04"]
[EventType "swiss"]
[EventRounds "11"]
[EventCountry "TUR"]
[SourceTitle "CBM 122 Extra"]
[Source "ChessBase"]
[SourceDate "2008.03.04"]
[SourceVersion "1"]
[SourceVersionDate "2008.03.04"]
[SourceQuality "1"]

1. e4 c5 2. f4 Nc6 3. Nf3 e6 4. c4 d6 5. Nc3 Nf6 6. Be2 d5 7. e5 d4 8. exf6 dxc3 9. fxg7 cxd2+ 10. Qxd2 Qxd2+ 11. Bxd2 Bxg7 12. 0-0-0 Bd7 13. Be3 b6 14. Rd2 Rd8 15. Rhd1 Bc8 16. Rxd8+ Nxd8 17. Ng5 Bb7 18. Rxd8+ Kxd8 19. Nxf7+ Ke7 20. Nxh8 Bxh8 21. g3 Be4 22. b3 e5 23. Bd1 Ke6 24. Bc2 Bxc2 25. Kxc2 e4 26. g4 Bd4 27. Kd2 Kf6 28. h3 Kg6 29. b4 a6 30. bxc5 bxc5 31. f5+ Kf6 32. Bxd4+ cxd4 33. c5 Ke5 34. c6 Kf4 35. c7 Kf3 36. c8Q e3+ 37. Kd3 1-0